Logo BPK

Bibliografia Prac Pracowników

Politechniki Koszalińskiej

The response of a double-beam on a nonlinear foundation arising from a moving load / (Rekord nr 9767)

Szczegóły MARC
000 -ETYKIETA REKORDU
podpole kontrolne o stałej długości 00954naa a2200181 i 4500
001 - NUMER KONTROLNY REKORDU
podpole kontrolne 9767
003 - IDENTYFIKATOR NUMERU KONTROLNEGO REKORDU
podpole kontrolne KOSZ 005
005 - DATA OSTATNIEJ MODYFIKACJI REKORDU
podpole kontrolne 20180409142713.0
008 - POLE O STAŁEJ DŁUGOŚCI - DANE KONTROLNE
podpole kontrolne o stałej długości 180409s2012 uk fs |000 0 eng
040 ## - ŹRÓDŁO KATALOGOWANIA
Instytucja, która utworzyła rekord KOSZ 005/HR
Instytucja, która sporządziła opis KOSZ 005/HR
041 ## - KOD JĘZYKA
Kod języka tekstu eng
100 1# - NAZWA OSOBOWA
Nazwa osobowa HRYNIEWICZ, Zdzisław.
Lata pracy 1999 - 2012.
Instytucja Politechnika Koszalińska - Wydział Budownictwa i Inżynierii Środowiska,
Wydział Katedra Matematyki
245 10 - TYTUŁ/ODPOWIEDZIALNOŚĆ
Tytuł The response of a double-beam on a nonlinear foundation arising from a moving load /
Pozostałe elementy strefy tytułu i oznaczenia odpowiedzialności Zdzisław Hryniewicz, Piotr Kozioł.
655 #0 - TERMIN INDEKSOWY - OKREŚLENIE RODZAJU/FORMY DOKUMENTU
Określnie rodzaju/formy dokumentu Materiały konferencyjne.
700 1# - HASŁO DODATKOWE - NAZWA OSOBOWA
Nazwa osobowa KOZIOŁ, Piotr.
Lata pracy 1999 - 2012.
Instytucja Politechnika Koszalińska - Wydział Budownictwa i Inżynierii Środowiska
773 0# - TYTUŁ DOKUMENTU MACIERZYSTEGO
Wyrażenie wprowadzające W :
Tytuł Proceedings of the First International Conference on Railway Technology : research, development and maintenance / ed. J. Pombo. -
Adres wydawniczy Stirlingshire : Civil-Comp Press, 2012. -
Informacje dotyczące relacji Paper 112, 1-11
ISBN 9781905088539
942 ## - HASŁO DODATKOWE - ELEMENTY(KOHA)
Typ dokumentu Rozdział
Schemat klasyfikacji Uniwersalna klasyfikacja dziesiętna

Brak dostępnych egzemplarzy.

© 2014 Biblioteka Politechniki Koszalińskiej :: BIBLIOGRAFIA PRAC PRACOWNIKÓW